000 00565nam a2200241Ia 4500
003 OSt
005 20221007082211.0
006 a|||||r|||| 00| 0
007 ta
008 221006b |||||||| |||| 00| 0 eng d
024 _a24,246
037 _cTextual
040 _aFLL
_cFLL
_beng
041 _2eng
_aeng
082 _aZ2:4, H3
100 _aRatanlal
245 0 _aLaw of torts
260 _c1943
300 _alxiii,1-540p
_ccm.
700 _a Dhirajlal
942 _hZ2:4, H3
_cTEXL
_2CC
999 _c1165638
_d1165638